Top 10 Milan-San Remo 2019 - Statistiques

Statistiques générales
  • Ce quiz a été pris 24 fois
  • Le résultat moyen est 8 sur 10
Statistiques - réponses
Hint Pays Equipe Réponse % Correct
4eme Slovaquie Bora-Hansgrohe Peter Sagan
100%
7eme Espagne Movistar Alejandro Valverde
95%
1er France Deceuninck-Quick Step Julian Alaphilippe
95%
2eme Belgique AG2R La Mondiale Oliver Naesen
95%
6eme Belgique Jumbo-Visma Wout Van Aert
95%
3eme Pologne Sky Michal Kwiatkowski
89%
8eme Italie Bahrein-Merida Vincenzo Nibali
84%
5eme Slovénie Barhein-Merida Matej Mohoric
79%
10eme Italie Michelton-Scott Matteo Trentin
37%
9eme Australie EF Education First SImon Clarke
32%
Aucun quiz correspondant
Distribution des résultats
% des personnes avec chaque résultat
Percentile par nombre de réponses
Votre historique - résultats
Vous n’avez pas pris ce quiz